000 00758nam a2200253 a 4500
003 AR-BaBNM
005 20251128204444.0
008 082120s2002 ||||||||||||||000 | spa||
020 _a950.701-127-7
040 _cAR-BaBNM
100 1 _aBogomolny, María Inés
245 0 0 _aTécnicas de estudio para grados intermedios
_bfórmulas para aprender mejor
250 _a1ª ed.
260 _aBuenos Aires
_bAique
_c1992
300 _a32 p.
_bil.
500 _aEste material forma parte de la 1era ed. de "Ventanas al mundo" para 4to y 5to grado
650 4 _aMETODOS DE ESTUDIO
650 4 _aACTIVIDADES DE APRENDIZAJE
650 4 _aRENDIMIENTO DEL ALUMNO
653 _aEDUCACION PRIMARIA
700 1 _aArias, Ana
942 _cBK
998 _cCarmen
999 _c7489
_d7489